Prolog

Guardat en:
Dades bibliogràfiques
Autor principal: Ivan Bratko
Format: Llibre
Publicat: Pearson
Etiquetes: Afegir etiqueta
Sense etiquetes, Sigues el primer a etiquetar aquest registre!

MARC

LEADER 00000nam a2200000Ia 4500
005 20260515061615.0
100 |a Ivan Bratko 
020 |a 9788131711347 
942 |c BK 
245 |a Prolog  
260 |b Pearson 
999 |c 23  |d 23 
952 |0 0  |1 0  |4 0  |7 0  |a ABDN  |b ABDN  |d 2026-05-15  |l 0  |p 000094  |r 2026-05-15 06:16:15  |w 2026-05-15  |y BK